| 000 | 00530nam a2200181Ia 4500 | ||
|---|---|---|---|
| 003 | GCL | ||
| 005 | 20240530104343.0 | ||
| 008 | 140319s9999 xx 000 0 ara d | ||
| 040 |
_aGCL / _cGCL |
||
| 082 | 0 | 4 |
_a812.009 _bج ل |
| 100 | 1 | _aجلال العشرى | |
| 245 | 1 | 0 |
_aلن يسدل الستار: اتجاهات المسرح المعاصر / _cجلال العشرى |
| 300 | _a267 | ||
| 490 |
_a100 قصة _v0 |
||
| 650 | 0 | 4 | _aالمسرح - مذاهب |
| 650 | 0 | 4 | _aالمسرح - تاريخ ونقد |
| 942 |
_2ddc _cBK |
||
| 999 |
_c46749 _d46749 |
||